|
|
|
|
| LEADER |
00000nam a22000007a 4500 |
| 005 |
2020071401321.0 |
| 007 |
cr|||| |||| |
| 008 |
200714s2011 br |||||s|||| 00||0 por d |
| 020 |
|
|
|a 978-85-89917-88-9
|
| 035 |
|
|
|a 31777
|
| 040 |
|
|
|a vLex
|
| 090 |
|
|
|c 10612
|d 10612
|
| 100 |
1 |
|
|a Messias Paganelli, Celso Jeffeson
|
| 245 |
1 |
0 |
|a Ativismo judicial
|h [Recurso electrn̤ico] :
|b Paradigmas atuais /
|c Celso Jeffeson Messias Paganelli, Alexandre Gazetta Sime̳s, Jos ̌Antonio Gomes Ignc̀io Jn︢ior
|
| 256 |
|
|
|a Servicio en ln̕ea
|
| 260 |
|
|
|a San Pablo:
|b Letras Jurídicas Editora,
|c 2011
|
| 300 |
|
|
|a 1 recurso electrn̤ico
|
| 500 |
|
|
|a Ativismo Judicial: paradigmas atuais. Expe̳ em breve sn̕tese, decise̳s polm̊icas que nossos tribunais proferiram recentemente, discutindo sua fundamentaȯ̂ e cart̀er humanista contemporńeo, que fornece melhor compreensô da interpretaȯ̂ das normas jurd̕icas nos tribunais Superiores.
|
| 506 |
1 |
|
|a Disponible solo en los productos indicados
|d vLex Global
|d vLex Global (Academic Edition, excluding Law Schools)
|d vLex Global (U.S. Academic Edition, Law Schools)
|d vLex Global (U.S. Academic Edition, excluding Law Schools)
|d vLex Global (Academic Edition, Law Schools)
|
| 650 |
0 |
4 |
|a Derecho Pb︢lico y Administrativo
|z Brasil
|
| 700 |
1 |
|
|a Gazetta Sime̳s, Alexandre
|
| 700 |
1 |
|
|a Gomes Ignc̀io Jn︢ior, Jos ̌Antonio
|
| 740 |
0 |
|
|a vLex Libros (Servicio en ln̕ea)
|
| 856 |
4 |
0 |
|u http://vlex.com/source/ativismo-judicial-paradigmas-atuais-31777
|z Acceso restringido
|
| 942 |
|
|
|c BOOK
|
| 999 |
0 |
|
|a Public and Administrative Law
|